| 000 | 00842nam a2200205Ii 4500 | ||
|---|---|---|---|
| 003 | JO-AjNU | ||
| 008 | 230605s9999||||xx |||||||||||||| ||und|| | ||
| 040 |
_aJO-AjNU _bara _erda _cJO-AjNU |
||
| 041 | _aara | ||
| 050 | 1 | 4 | _aGV436 H376 1987 |
| 100 | 3 |
_aحسانين، محمد صبحي, _eauthor _937846 |
|
| 245 | 0 | 0 | _aطرق بناء وتقنين الاختبارات والمقاييس في التربية البدنية : الطرق العاملية |
| 250 | _aط2 | ||
| 264 | 3 | 1 | _aالقاهرة: دار الفكر العربي، 1987 |
| 300 |
_a228ص _bيشتمل على ببلوغرافيا من ص(217-218) |
||
| 336 |
_atext _btxt _2rdacontent |
||
| 337 |
_aunmediated _bn _2rdamedia |
||
| 338 |
_avolume _bnc _2rdacarrier |
||
| 650 | 4 |
_aاللياقة البدنية -اختبارات-التربية البدنية-قياس _937847 |
|
| 999 |
_aA15851 _c19419 _d19419 |
||